| 000 | 00000nam##2200000za#4500 |
| 001 | 9.599531 |
| 003 | CaOODSP |
| 005 | 20240501092931 |
| 007 | cr ||||||||||| |
| 008 | 150406|1996||||xxc|||||o f|0| 0 fre|d |
| 040 | |aCaOODSP|bfre |
| 043 | |an-cn--- |
| 086 | 1 |aPS83-3/49F-PDF |
| 110 | 2 |aService correctionnel Canada. |
| 245 | 10|aFacteurs liés à la récidive chez les déliquants sexuels sous responsabilité fédéraleen liberté sous condition / |h[ressource électronique]|cpar Laurence L. Motiuk et Shelley L. Brown. |
| 260 | |bService correctionnel Canada |cAoût 1996. |
| 300 | |a16p.|bréférences, tableaux |
| 490 | 1 |aRapport de recherche|vR-49 |
| 590 | |a10-12-Supp|b2010-11-18 |
| 720 | 1 |aMotiuk, Laurence L. |
| 720 | 1 |aBrown, Shelley L. |
| 775 | 08|tFactors related to recidivism among released federal sex offenders / |w(CaOODSP)9.568241 |
| 830 | #0|aRapport de recherche (Service correctionnel Canada. Direction de la recherche)|vR-49|w(CaOODSP)9.502465 |
| 856 | 40|ahttp://publications.gc.ca|qPDF|s53 Ko|uhttps://publications.gc.ca/collections/collection_2010/scc-csc/PS83-3-49-fra.pdf|yR-49 |